00403nam a2200121Ia 4500100002900000942000700029654000900036245006800045260002900113546001200142999001700154952011000171 aSantacruz operation Inc  cBK aunix aSCO unix sytem v operating system sytem administrator reference bSantacruz Operation Inc. aENGLISH c29936d29936 001040708CRCaCRCEbCRCEc1473 | 5d2023-03-17g362.50l0o p4131r2023-03-17v362.50w2023-03-17yBK